000
00327nam a2200145Ia 4500
008
200615s9999||||xx |||||||||||||| ||und||
020
_a
9788121925242
082
_a
620
_b
THE-K
100
_a
KHURMI,RS
245
0
_a
THEORY OF MECHANICS
250
_a
9TH
260
_a
new delhi
_b
S.CHAND
_c
2017
300
_a
915
942
_c
BK
999
_c
28856
_d
28856